Datum a čas kvízu
22
Celkem bodů
Celkový počet nahraných bodů na tomto kvízu bez doplňovacích otázek.
8.
Pořadí na kvízu
Konečné umístění týmu na tomto kvízu.
Zaznamenané odpovědi
| # | Otázka | Odpověď | Body | Výsledky |
|---|---|---|---|---|
| 1. | Kterého spisovatele parafrázov... | Vítězslava Nezvala | 0 | |
| 2. | Ve které zemi se 1. 1. 2023 za... | v Chorvatsku | 1 | |
| 3. | Svět módy přišel koncem minulé... | Vivienne Westwood | 0 | |
| 4. | Na internetové aukční síni eBa... | mince s portrétem krále Karla III. | 1 | |
| 5. | Čeští hokejisté na MS juniorů... | 5:2 | 1 | |
| 6. | V tomto tématu budete hledat d... | Dempsey a Makepeaceová | 1 | |
| 7. | Ve světě Azeroth, jak byl před... | orkové | 0 | |
| 8. | Nejvýraznějším prvkem zřícenin... | Baba a Panna | 0 | |
| 9. | Při stavbě zdi se cihlám klade... | běhouny | 1 | |
| 10. | Předloktí je tvořeno dvěma dlo... | vřetenní | 1 |